Štatistická ročenka regiónov Slovenska ...
| Corporate Author: | |
|---|---|
| Format: | Serial |
| Language: | Slovak English |
| PhysicalDescription: | zv. grafy, mapy, tab. 24 cm 1 CD-ROM |
| Published: |
Bratislava
Štatistický úrad Slovenskej republiky
2007-
|
| ISBN: | 9788089358212 (brož. : 2008) 9788096786565 (brož. : 2007) 9788089358632 (brož. : 2009) 9788081210532 (brož. : 2010) 9788081211089 (brož. : 2011) 9788081212253 (brož. : 2012) 9788081213014 (brož. : 2013) 9788081214370 (brož. : 2014) 9788081215278 (brož. : 2015) 9788081215520 (brož. : 2016) 9788081216169 (brož. : 2017) 9788081216855 (brož. : 2018) 9788081217517 (brož. : 2019) |
| Subjects: |
MARC
| LEADER | 00000cas a2200000 a 4500 | ||
|---|---|---|---|
| 001 | vtls008990633 | ||
| 003 | SK-MaSNL | ||
| 005 | 20260228164146.0 | ||
| 008 | 081106c20079999xo ar s 000 b0slo | ||
| 015 | |a SNB2012/04-01400 (r. 2006) |a SNB2012/04-01401 (r. 2007) |a SNB2012/04-01402 (r. 2008) |a SNB2012/04-01403 (r. 2009) |a SNB2012/04-01404 (r. 2010) |a SNB2012/04-01405 (r. 2011) |a SNB2013-(2012) |a SNB2015-(2014) |a SNB2016-(2013, 2015) |a SNB2017-(2016) |a SNB2018-(2017) |a SNB2019-(2018) |a SNB2020-(2019) | ||
| 020 | |a 9788089358212 (brož. : 2008) | ||
| 020 | |a 9788096786565 (brož. : 2007) | ||
| 020 | |a 9788089358632 (brož. : 2009) | ||
| 020 | |a 9788081210532 (brož. : 2010) | ||
| 020 | |a 9788081211089 (brož. : 2011) | ||
| 020 | |a 9788081212253 (brož. : 2012) | ||
| 020 | |a 9788081213014 (brož. : 2013) | ||
| 020 | |a 9788081214370 (brož. : 2014) | ||
| 020 | |a 9788081215278 (brož. : 2015) | ||
| 020 | |a 9788081215520 (brož. : 2016) | ||
| 020 | |a 9788081216169 (brož. : 2017) | ||
| 020 | |a 9788081216855 (brož. : 2018) | ||
| 020 | |a 9788081217517 (brož. : 2019) | ||
| 040 | |a POKPOH |b slo |c POKPOH |d SNK |d SVKBB |e AACR | ||
| 041 | 0 | |a slo |a eng | |
| 043 | |a e-xo--- | ||
| 044 | |a xo |c SK | ||
| 072 | 7 | |a 311 |x Štatistika |2 konspekt | |
| 080 | |a 311 |2 2011 | ||
| 080 | |a (437.6) |2 2011 | ||
| 080 | |a (058) |2 2011 | ||
| 080 | |a 332 |2 2011 | ||
| 080 | |a 314:311 |2 2011 | ||
| 080 | |a 311:308 |2 2011 | ||
| 080 | |a 311:33 |2 2011 | ||
| 080 | |a 050 |2 2011 | ||
| 110 | 1 | |a Slovensko. |b Štatistický úrad | |
| 245 | 1 | 0 | |a Štatistická ročenka regiónov Slovenska ... |
| 246 | 1 | 1 | |a Regional statistical yearbook of Slovakia |
| 260 | |a Bratislava |b Štatistický úrad Slovenskej republiky |c 2007- | ||
| 300 | |a zv. |b grafy, mapy, tab. |c 24 cm |e 1 CD-ROM | ||
| 310 | |a 1x ročne | ||
| 362 | 0 | |a 2006- | |
| 500 | |a Súčasťou publikácie je elektronická verzia na CD-ROMe ; od roku 2017 (vydané v roku 2018) nie je súčasťou publikácie elektronická verzia na CD-ROMe | ||
| 500 | |a Súčasťou názvu je označenie roku | ||
| 546 | |a Súbežný text angl. | ||
| 650 | 0 | 7 | |a štatistika |2 SNKPH |9 778 |
| 650 | 0 | 7 | |a regióny |z Slovensko |2 SNKPH |9 275401 |
| 650 | 0 | 7 | |a demografická štatistika |2 SNKPH |9 4674 |
| 650 | 0 | 7 | |a sociálna štatistika |2 SNKPH |9 1663 |
| 650 | 0 | 7 | |a ekonomická štatistika |2 SNKPH |9 790 |
| 650 | 0 | 7 | |a Vital statistics |2 SNKPHeng |9 266927 |
| 650 | 0 | 7 | |a Social statistics |2 SNKPHeng |9 275402 |
| 650 | 0 | 7 | |a Economic statistics |2 SNKPHeng |9 265577 |
| 650 | 0 | 7 | |a regions |z Slovakia |2 SNKPHeng |9 275403 |
| 655 | 7 | |a ročenky |2 SNKPH |9 57146 | |
| 655 | 7 | |a Yearbooks |2 SNKPHeng |9 120938 | |
| 852 | |a Štátna vedecká knižnica v Banskej Bystrici | ||
| 910 | |a snk | ||
| 910 | |a pokpoh | ||
| 910 | |a ttkjf | ||
| 919 | |a 978-80-967865-6-5 | ||
| 919 | |a 978-80-89358-21-2 | ||
| 919 | |a 978-8089358-63-2 | ||
| 919 | |a 978-80-8121-053-2 | ||
| 919 | |a 978-80-8121-108-9 | ||
| 919 | |a 978-80-8121-225-3 | ||
| 919 | |a 978-80-8121-301-4 | ||
| 919 | |a 978-80-8121-437-0 | ||
| 919 | |a 978-80-8121-527-8 | ||
| 919 | |a 978-80-8121-552-0 | ||
| 919 | |a 978-80-8121-616-9 | ||
| 919 | |a 978-80-8121-685-5 | ||
| 919 | |a 978-80-8121-751-7 | ||
| 999 | |c 12465 |d 14395 | ||
| 952 | |0 0 |1 0 |4 0 |7 0 |8 0 |a SNK |b SNK |d 2013-06-04 |i snk2013/12567 |l 0 |o snkČSC 3499/2012 D1 |p 17A1096078 |r 2026-02-21 20:41:14 |w 2026-02-21 |y PREZ | ||
| 952 | |0 0 |1 0 |4 0 |7 0 |8 1 |a SNK |b SNK |d 2012-10-23 |i snk2012/21408 |l 0 |o snkČSC 3499/2006/príl. |p 17A0866399 |r 2026-02-21 20:50:26 |t 1 CD-ROM |w 2026-02-21 |y PREZ | ||
| 952 | |0 0 |1 0 |4 0 |7 0 |8 1 |a SNK |b SNK |d 2012-10-23 |i snk2012/21409 |l 0 |o snkČSC 3499/2006/príl. D1 |p 17A0866401 |r 2026-02-21 20:50:26 |t 1 CD-ROM |w 2026-02-21 |y PREZ | ||
| 952 | |0 0 |1 0 |4 0 |7 0 |8 1 |a SNK |b SNK |d 2012-10-23 |i snk2012/21408 |l 0 |o snkČSC 3499/2006 |p 17A0866398 |r 2026-02-21 20:50:26 |w 2026-02-21 |y PREZ | ||
| 952 | |0 0 |1 0 |4 0 |7 0 |8 1 |a SNK |b SNK |d 2012-10-23 |i snk2012/21409 |l 0 |o snkČSC 3499/2006 D1 |p 17A0866400 |r 2026-02-21 20:50:26 |w 2026-02-21 |y PREZ | ||
| 952 | |0 0 |1 0 |4 0 |7 0 |8 1 |a SNK |b SNK |d 2012-10-23 |i snk2012/21461 |l 0 |o snkČSC 3499/2007 |p 17A0866402 |r 2026-02-21 20:50:27 |w 2026-02-21 |y PREZ | ||
| 952 | |0 0 |1 0 |4 0 |7 0 |8 1 |a SNK |b SNK |d 2012-10-23 |i snk2012/21461 |l 0 |o snkČSC 3499/2007/príl. |p 17A0866403 |r 2026-02-21 20:50:27 |t 1 CD-ROM |w 2026-02-21 |y PREZ | ||
| 952 | |0 0 |1 0 |4 0 |7 0 |8 1 |a SNK |b SNK |d 2012-10-23 |i snk2012/21462 |l 0 |o snkČSC 3499/2007 D1 |p 17A0866404 |r 2026-02-21 20:50:27 |w 2026-02-21 |y PREZ | ||
| 952 | |0 0 |1 0 |4 0 |7 0 |8 1 |a SNK |b SNK |d 2012-10-23 |i snk2012/21462 |l 0 |o snkČSC 3499/2007/príl. D1 |p 17A0866405 |r 2026-02-21 20:50:27 |t 1 CD-ROM |w 2026-02-21 |y PREZ | ||
| 952 | |0 0 |1 0 |4 0 |7 0 |8 1 |a SNK |b SNK |d 2012-10-23 |i snk2012/21463 |l 0 |o snkČSC 3499/2008 |p 17A0866406 |r 2026-02-21 20:50:27 |w 2026-02-21 |y PREZ | ||
| 952 | |0 0 |1 0 |4 0 |7 0 |8 1 |a SNK |b SNK |d 2012-10-23 |i snk2012/21463 |l 0 |o snkČSC 3499/2008/príl. |p 17A0866407 |r 2026-02-21 20:50:27 |t 1 CD-ROM |w 2026-02-21 |y PREZ | ||
| 952 | |0 0 |1 0 |4 0 |7 0 |8 1 |a SNK |b SNK |d 2012-10-23 |i snk2012/21464 |l 0 |o snkČSC 3499/2008 D1 |p 17A0866408 |r 2026-02-21 20:50:27 |w 2026-02-21 |y PREZ | ||
| 952 | |0 0 |1 0 |4 0 |7 0 |8 1 |a SNK |b SNK |d 2012-10-23 |i snk2012/21465 |l 0 |o snkČSC 3499/2009 |p 17A0866410 |r 2026-02-21 20:50:27 |w 2026-02-21 |y PREZ | ||
| 952 | |0 0 |1 0 |4 0 |7 0 |8 1 |a SNK |b SNK |d 2012-10-23 |i snk2012/21465 |l 0 |o snkČSC 3499/2009/príl. |p 17A0866411 |r 2026-02-21 20:50:27 |t 1 CD-ROM |w 2026-02-21 |y PREZ | ||
| 952 | |0 0 |1 0 |4 0 |7 0 |8 1 |a SNK |b SNK |d 2012-10-23 |i snk2012/21464 |l 0 |o snkČSC 3499/2008/príl. D1 |p 17A0866409 |r 2026-02-21 20:50:27 |t 1 CD-ROM |w 2026-02-21 |y PREZ | ||
| 952 | |0 0 |1 0 |4 0 |7 0 |8 1 |a SNK |b SNK |d 2012-10-23 |i snk2012/21466 |l 0 |o snkČSC 3499/2009 D1 |p 17A0866412 |r 2026-02-21 20:50:29 |w 2026-02-21 |y PREZ | ||
| 952 | |0 0 |1 0 |4 0 |7 0 |8 1 |a SNK |b SNK |d 2012-10-23 |i snk2012/21466 |l 0 |o snkČSC 3499/2009/príl. D1 |p 17A0866413 |r 2026-02-21 20:50:29 |t 1 CD-ROM |w 2026-02-21 |y PREZ | ||
| 952 | |0 0 |1 0 |4 0 |7 0 |8 0 |a SNK |b SNK |d 2012-10-23 |i snk2012/21467 |l 0 |o snkČSC 3499/2010 |p 17A0866414 |r 2026-02-21 20:50:29 |w 2026-02-21 |y PREZ | ||
| 952 | |0 0 |1 0 |4 0 |7 0 |8 0 |a SNK |b SNK |d 2012-10-23 |i snk2012/21467 |l 0 |o snkČSC 3499/2010/príl. |p 17A0866415 |r 2026-02-21 20:50:29 |t 1 CD-ROM |w 2026-02-21 |y PREZ | ||
| 952 | |0 0 |1 0 |4 0 |7 0 |8 0 |a SNK |b SNK |d 2012-10-23 |i snk2012/21468 |l 0 |o snkČSC 3499/2010 D1 |p 17A0866416 |r 2026-02-21 20:50:29 |w 2026-02-21 |y PREZ | ||
| 952 | |0 0 |1 0 |4 0 |7 0 |8 0 |a SNK |b SNK |d 2012-10-23 |i snk2012/21468 |l 0 |o snkČSC 3499/2010/príl. D1 |p 17A0866417 |r 2026-02-21 20:50:29 |t 1 CD-ROM |w 2026-02-21 |y PREZ | ||
| 952 | |0 0 |1 0 |4 0 |7 0 |8 0 |a SNK |b SNK |d 2012-10-23 |i snk2012/21469 |l 0 |o snkČSC 3499/2011 |p 17A0866418 |r 2026-02-21 20:50:29 |w 2026-02-21 |y PREZ | ||
| 952 | |0 0 |1 0 |4 0 |7 0 |8 0 |a SNK |b SNK |d 2012-10-23 |i snk2012/21469 |l 0 |o snkČSC 3499/2011/príl. |p 17A0866419 |r 2026-02-21 20:50:29 |t 1 CD-ROM |w 2026-02-21 |y PREZ | ||
| 952 | |0 0 |1 0 |4 0 |7 0 |8 0 |a SNK |b SNK |d 2012-10-23 |i snk2012/21470 |l 0 |o snkČSC 3499/2011 D1 |p 17A0866420 |r 2026-02-21 20:50:29 |w 2026-02-21 |y PREZ | ||
| 952 | |0 0 |1 0 |4 0 |7 0 |8 0 |a SNK |b SNK |d 2012-10-23 |i snk2012/21470 |l 0 |o snkČSC 3499/2011/príl. D1 |p 17A0866421 |r 2026-02-21 20:50:29 |t 1 CD-ROM |w 2026-02-21 |y PREZ | ||
| 952 | |0 0 |1 0 |4 0 |7 0 |8 0 |a SNK |b SNK |d 2015-10-20 |i snk2013/12566 |l 0 |o snkČSC 3499/2012/príl. |p 17A1096077 |r 2026-02-21 20:53:23 |t 1 CD-ROM |w 2026-02-21 |y PREZ | ||
| 952 | |0 0 |1 0 |4 0 |7 0 |8 0 |a SNK |b SNK |d 2015-10-20 |i snk2013/12567 |l 0 |o snkČSC 3499/2012/príl. D1 |p 17A1096079 |r 2026-02-21 20:53:23 |t 1 CD-ROM |w 2026-02-21 |y PREZ | ||
| 952 | |0 0 |1 0 |4 0 |7 0 |8 0 |a SNK |b SNK |d 2015-10-20 |i snk2015/29208 |l 0 |o snkČSC 3499/2014 |p 17A1096080 |r 2026-02-21 20:53:23 |w 2026-02-21 |y PREZ | ||
| 952 | |0 0 |1 0 |4 0 |7 0 |8 0 |a SNK |b SNK |d 2015-10-20 |i snk2015/29209 |l 0 |o snkČSC 3499/2014 D1 |p 17A1096082 |r 2026-02-21 20:53:23 |w 2026-02-21 |y PREZ | ||
| 952 | |0 0 |1 0 |4 0 |7 0 |8 0 |a SNK |b SNK |d 2015-10-20 |i snk2015/29208 |l 0 |o snkČSC 3499/2014/príl. |p 17A1096081 |r 2026-02-21 20:53:23 |t 1 CD-ROM |w 2026-02-21 |y PREZ | ||
| 952 | |0 0 |1 0 |4 0 |7 0 |8 0 |a SNK |b SNK |d 2015-10-20 |i snk2015/29209 |l 0 |o snkČSC 3499/2014/príl. D1 |p 17A1096083 |r 2026-02-21 20:53:23 |t 1 CD-ROM |w 2026-02-21 |y PREZ | ||
| 952 | |0 0 |1 0 |4 0 |7 0 |8 0 |a SNK |b SNK |d 2013-06-04 |i snk2013/12566 |l 0 |o snkČSC 3499/2012 |p 17A1096076 |r 2026-02-21 21:12:50 |w 2026-02-21 |y PREZ | ||
| 952 | |0 0 |1 0 |4 0 |7 0 |8 0 |a SNK |b SNK |d 2019-03-21 |i snk2019/7752 |l 0 |o snkČSC 3499/2018 |p 17A1342699 |r 2026-02-21 21:51:38 |w 2026-02-21 |y PREZ | ||
| 952 | |0 0 |1 0 |4 0 |7 0 |8 0 |a SNK |b SNK |d 2019-03-21 |i snk2019/7753 |l 0 |o snkČSC 3499/2018 D1 |p 17A1342700 |r 2026-02-21 21:51:38 |w 2026-02-21 |y PREZ | ||
| 952 | |0 0 |1 0 |4 0 |7 0 |8 0 |a SNK |b SNK |d 2020-05-29 |i snk2020/8878 |l 0 |o snkČSC 3499/2019 |p 17A1387774 |r 2026-02-21 22:01:03 |w 2026-02-21 |y PREZ | ||
| 952 | |0 0 |1 0 |4 0 |7 0 |8 0 |a SNK |b SNK |d 2020-05-29 |i snk2020/8879 |l 0 |o snkČSC 3499/2019 D1 |p 17A1387775 |r 2026-02-21 22:01:03 |w 2026-02-21 |y PREZ | ||
| 952 | |0 0 |1 0 |4 0 |7 0 |8 0 |a SNK |b SNK |d 2016-02-09 |i snk2016/3464 |l 0 |o snkČSC 3499/2013 |p 17A1085001 |r 2026-02-21 22:02:31 |w 2026-02-21 |y PREZ | ||
| 952 | |0 0 |1 0 |4 0 |7 0 |8 0 |a SNK |b SNK |d 2016-02-09 |i snk2016/3464 |l 0 |o snkČSC 3499/2013/príl. |p 17A1085000 |r 2026-02-21 22:02:31 |t 1 CD-ROM |w 2026-02-21 |y PREZ | ||
| 952 | |0 0 |1 0 |4 0 |7 0 |8 0 |a SNK |b SNK |d 2016-02-09 |i snk2016/3465 |l 0 |o snkČSC 3499/2013 D1 |p 17A1084999 |r 2026-02-21 22:02:31 |w 2026-02-21 |y PREZ | ||
| 952 | |0 0 |1 0 |4 0 |7 1 |8 0 |a SNK |b SNK |d 2016-02-09 |i snk2016/3465 |l 0 |o snkČSC 3499/2013/príl. D1 |p 17A1084998 |r 2026-02-21 22:02:31 |t 1 CD-ROM |w 2026-02-21 |y NEVYP | ||
| 952 | |0 0 |1 0 |4 0 |7 0 |8 0 |a SNK |b SNK |d 2017-04-04 |i snk2017/8207 |l 0 |o snkČSC 3499/2016 |p 17A1205315 |r 2026-02-21 22:04:19 |w 2026-02-21 |y PREZ | ||
| 952 | |0 0 |1 0 |4 0 |7 0 |8 0 |a SNK |b SNK |d 2017-04-04 |i snk2017/8207 |l 0 |o snkČSC 3499/2016/príl. |p 17A1205316 |r 2026-02-21 22:04:19 |t 1 CD-ROM |w 2026-02-21 |y PREZ | ||
| 952 | |0 0 |1 0 |3 + CD príloha |4 0 |7 0 |8 0 |a SNK |b SNK |d 2017-04-04 |i snk2017/8208 |l 0 |o snkČSC 3499/2016 D1 |p 17A1205313 |r 2026-02-21 22:04:19 |w 2026-02-21 |y PREZ | ||
| 952 | |0 0 |1 0 |4 0 |7 0 |8 0 |a SNK |b SNK |d 2018-05-10 |i snk2018/10252 |l 0 |o snkČSC 3499/2017 |p 17A1324886 |r 2026-02-21 22:05:25 |w 2026-02-21 |y PREZ | ||
| 952 | |0 0 |1 0 |4 0 |7 0 |8 0 |a SNK |b SNK |d 2018-05-10 |i snk2018/10255 |l 0 |o snkČSC 3499/2017 D1 |p 17A1324887 |r 2026-02-21 22:05:25 |w 2026-02-21 |y PREZ | ||
| 952 | |0 0 |1 0 |3 CD príloha |4 0 |7 0 |8 0 |a SNK |b SNK |d 2017-04-18 |i snk2017/8208 |l 0 |o snkČSC 3499/2016/príl. D1 |p 17A1205317 |r 2026-02-21 22:10:43 |t 1 CD-ROM |w 2026-02-21 |y PREZ | ||
| 952 | |0 0 |1 0 |4 0 |7 0 |8 0 |a SNK |b SNK |d 2016-05-17 |i snk2016/12752 |l 0 |o snkČSC 3499/2015 |p 17A1098868 |r 2026-02-21 22:23:48 |w 2026-02-21 |y PREZ | ||
| 952 | |0 0 |1 0 |4 0 |7 0 |8 0 |a SNK |b SNK |d 2016-05-17 |i snk2016/12753 |l 0 |o snkČSC 3499/2015 D1 |p 17A1098869 |r 2026-02-21 22:23:48 |w 2026-02-21 |y PREZ | ||


